[Event "British Rapidplay"]
[Site "Peterborough"]
[Date "2024.03.03"]
[Round "9"]
[White "Khoury, Theo"]
[Black "Kaushik, Madhav"]
[Result "1-0"]
[WhiteElo "2113"]
[BlackElo "1756"]
[PlyCount "51"]
[EventDate "2024.03.02"]
[EventType "swiss (rapid)"]
[EventRounds "11"]
[EventCountry "ENG"]
[SourceTitle "CB10_2024"]
[SourceDate "2024.03.06"]
[SourceVersion "1"]
[SourceVersionDate "2024.03.06"]
[SourceQuality "1"]

1. e4 c5 2. Nf3 d6 3. d4 cxd4 4. Nxd4 Nf6 5. Nc3 a6 6. f3 e5 7. Nb3 Be6 8. Be3 Be7 9. Qd2 h5 10. Nd5 Nxd5 11. exd5 Bf5 12. Be2 Nd7 13. Na5 Rc8 14. c4 Qc7 15. b4 e4 16. f4 Nf6 17. Rc1 Ng4 18. Bd4 Rg8 19. 0-0 Bd7 20. c5 dxc5 21. bxc5 e3 22. Qe1 Bf6 23. Bxf6 Nxf6 24. d6 Qb8 25. Bf3 Bc6 26. Qxe3+ 1-0

[Event "British Rapidplay"]
[Site "Peterborough"]
[Date "2024.03.02"]
[Round "6"]
[White "Keohane, Benedict A"]
[Black "Khoury, Theo"]
[Result "0-1"]
[WhiteElo "1965"]
[BlackElo "2113"]
[PlyCount "86"]
[EventDate "2024.03.02"]
[EventType "swiss (rapid)"]
[EventRounds "11"]
[EventCountry "ENG"]
[SourceTitle "CB10_2024"]
[SourceDate "2024.03.06"]
[SourceVersion "1"]
[SourceVersionDate "2024.03.06"]
[SourceQuality "1"]

1. e4 c5 2. b3 d6 3. Bb2 Nf6 4. Nc3 e6 5. g3 Be7 6. Bg2 0-0 7. Nge2 Nc6 8. 0-0 a6 9. Nf4 Qc7 10. a4 Rb8 11. Nce2 b5 12. axb5 axb5 13. d4 cxd4 14. Nxd4 Nxd4 15. Qxd4 e5 16. Qa7 Rb7 17. Qe3 exf4 18. gxf4 Rb8 19. e5 Ng4 20. Qa7 Bb7 21. f3 dxe5 22. Kh1 Bc5 23. Qa2 Ra8 24. Qb1 Nf2+ 25. Kg1 Nd3+ 26. Kh1 Nxb2 27. Qxb2 Bd4 28. c3 Bxc3 29. Qc2 Rxa1 30. Rxa1 Rd8 31. Rc1 b4 32. Rd1 exf4 33. h3 g6 34. Kh2 Qe7 35. Rxd8+ Qxd8 36. Qf2 Bd4 37. Qe1 Qd6 38. Qe8+ Kg7 39. Qb5 Bc6 40. Qc4 Bf2 41. Qc1 Bg3+ 42. Kh1 Qf6 43. Qd1 Qc3 0-1

[Event "World ol U16"]
[Site "Eindhoven"]
[Date "2023.08.18"]
[Round "9.18"]
[White "Khoury, Theo"]
[Black "Teh, Rui Gen"]
[Result "1/2-1/2"]
[WhiteElo "2066"]
[BlackElo "2080"]
[PlyCount "42"]
[EventDate "2023.08.13"]
[EventType "team-swiss"]
[EventRounds "9"]
[EventCountry "NED"]
[SourceTitle "CBM 215 Extra"]
[Source "ChessBase"]
[SourceDate "2023.09.30"]
[SourceVersion "1"]
[SourceVersionDate "2023.09.30"]
[SourceQuality "1"]
[WhiteTeam "England"]
[BlackTeam "Australia"]
[WhiteTeamCountry "ENG"]
[BlackTeamCountry "AUS"]

1. e4 c5 2. c3 d5 3. exd5 Qxd5 4. d4 g6 5. Nf3 Bg7 6. Be3 cxd4 7. cxd4 Qa5+ 8. Nc3 Nf6 9. Bc4 0-0 10. 0-0 Nbd7 11. Rc1 e6 12. Qe2 Rd8 13. Bd2 Qh5 14. Bxe6 fxe6 15. Qxe6+ Kh8 16. Ng5 Rf8 17. Nf7+ Kg8 18. Ng5+ Kh8 19. Nf7+ Kg8 20. Ng5+ Kh8 21. Nf7+ Kg8 1/2-1/2

[Event "World ol U16"]
[Site "Eindhoven"]
[Date "2023.08.16"]
[Round "6.13"]
[White "Khoury, Theo"]
[Black "Smirnov, Mark1111"]
[Result "0-1"]
[WhiteElo "2066"]
[BlackElo "2005"]
[PlyCount "72"]
[EventDate "2023.08.13"]
[EventType "team-swiss"]
[EventRounds "9"]
[EventCountry "NED"]
[SourceTitle "CBM 215 Extra"]
[Source "ChessBase"]
[SourceDate "2023.09.30"]
[SourceVersion "1"]
[SourceVersionDate "2023.09.30"]
[SourceQuality "1"]
[WhiteTeam "England"]
[BlackTeam "Kazakhstan V"]
[WhiteTeamCountry "ENG"]
[BlackTeamCountry "KAZ"]

1. e4 c5 2. Nf3 d6 3. d4 cxd4 4. Nxd4 Nf6 5. Nc3 Nc6 6. Bg5 e6 7. Qd2 Be7 8. 0-0-0 0-0 9. f4 h6 10. h4 Nxd4 11. Qxd4 Qa5 12. Qe3 Rd8 13. Bd3 Bd7 14. Qe2 hxg5 15. hxg5 g6 16. gxf6 Bxf6 17. e5 dxe5 18. Ne4 Bg7 19. Kb1 exf4 20. Qg4 Qe5 21. Nc3 Bc6 22. Rde1 Qf6 23. Qh3 Rd4 24. a3 b5 25. Kc1 b4 26. Nb1 bxa3 27. Nxa3 Rad8 28. Rd1 Rb4 29. c3 Rxb2 30. Bxg6 Rxd1+ 31. Rxd1 Rb3 32. Bh7+ Kf8 33. Nb1 Qg5 34. Qd3 f3+ 35. Kc2 Ba4 36. Rd2 Rxc3+ 0-1

[Event "World ol U16"]
[Site "Eindhoven"]
[Date "2023.08.14"]
[Round "2.14"]
[White "Khoury, Theo"]
[Black "Gasparyan, Erik R"]
[Result "0-1"]
[WhiteElo "2066"]
[BlackElo "2324"]
[PlyCount "92"]
[EventDate "2023.08.13"]
[EventType "team-swiss"]
[EventRounds "9"]
[EventCountry "NED"]
[SourceTitle "CBM 215 Extra"]
[Source "ChessBase"]
[SourceDate "2023.09.30"]
[SourceVersion "1"]
[SourceVersionDate "2023.09.30"]
[SourceQuality "1"]
[WhiteTeam "England"]
[BlackTeam "Armenia"]
[WhiteTeamCountry "ENG"]
[BlackTeamCountry "ARM"]

1. e4 c6 2. d4 d5 3. exd5 cxd5 4. Bd3 Nc6 5. c3 Qc7 6. h3 g6 7. Nf3 Bf5 8. Bb5 Bg7 9. 0-0 Nf6 10. Re1 0-0 11. Nbd2 Rac8 12. Bxc6 bxc6 13. Nb3 Ne4 14. Ng5 e5 15. Nxe4 Bxe4 16. Be3 Bf5 17. Nc5 e4 18. Qd2 f6 19. g4 Bd7 20. Bf4 Qd8 21. Bd6 Rf7 22. Qf4 g5 23. Qg3 f5 24. f4 fxg4 25. hxg4 gxf4 26. Bxf4 Qf6 27. Rf1 Qg6 28. Nxd7 Rxd7 29. Kg2 c5 30. dxc5 Rxc5 31. Be3 Rb5 32. b3 h5 33. Rf5 d4 34. Rxb5 dxe3 35. Rxh5 Rd2+ 36. Kf1 Rf2+ 37. Kg1 Rf3 38. Qg2 Rf4 39. Kh1 Rxg4 40. Qh2 e2 41. Rc5 Qf6 42. Rc8+ Bf8 43. Qxe2 Qh6+ 44. Qh2 Rh4 45. Rg1+ Kh7 46. Rg2 Qc1+ 0-1

[Event "GBR-ch 109th"]
[Site "Leicester"]
[Date "2023.07.27"]
[Round "6"]
[White "Khoury, Theo"]
[Black "Mihalik, Agoston"]
[Result "1/2-1/2"]
[WhiteElo "2066"]
[BlackElo "2136"]
[PlyCount "107"]
[EventDate "2023.07.22"]
[EventType "swiss"]
[EventRounds "9"]
[EventCountry "ENG"]
[SourceTitle "CBM 215 Extra"]
[Source "ChessBase"]
[SourceDate "2023.09.30"]
[SourceVersion "1"]
[SourceVersionDate "2023.09.30"]
[SourceQuality "1"]

1. e4 c5 2. Nf3 e6 3. d4 cxd4 4. Nxd4 a6 5. c4 Nf6 6. Nc3 Bb4 7. Qd3 0-0 8. e5 Ne8 9. Nc2 Bxc3+ 10. Qxc3 Qc7 11. Be3 f6 12. exf6 Nxf6 13. Be2 d6 14. Rd1 Nc6 15. 0-0 Ne7 16. Bf3 Nf5 17. Bg5 e5 18. Bxf6 Rxf6 19. Be4 Be6 20. Bxf5 Rxf5 21. Ne3 Rf4 22. g3 Rf7 23. Qd3 Rd8 24. Nd5 Qc6 25. b3 b5 26. f3 bxc4 27. bxc4 Rc8 28. Qa3 Rcf8 29. Kg2 e4 30. f4 Bg4 31. Rd4 Bf3+ 32. Kg1 Rb7 33. Ne3 Rd8 34. c5 d5 35. Nc4 Rb5 36. Ne5 Qxc5 37. Qxc5 Rxc5 38. Nxf3 exf3 39. Rxf3 Rc1+ 40. Kg2 Rc2+ 41. Rf2 Rxf2+ 42. Kxf2 Kf7 43. Ra4 Rd6 44. Ke3 Rh6 45. Kd4 Rxh2 46. Rxa6 Rg2 47. Ra3 Kf6 48. Kxd5 Kf5 49. Kd4 h6 50. Ra5+ Kg4 51. Ra7 g6 52. Ra6 Kf5 53. Ra5+ Kg4 54. Ra6 1/2-1/2

[Event "Daventry 4NCL op-A 30th"]
[Site "Daventry"]
[Date "2023.06.18"]
[Round "4"]
[White "Khoury, Theo"]
[Black "Dasgupta, Avyukt"]
[Result "1/2-1/2"]
[WhiteElo "2109"]
[BlackElo "1818"]
[PlyCount "43"]
[EventDate "2023.06.16"]
[EventType "swiss"]
[EventRounds "5"]
[EventCountry "ENG"]
[SourceTitle "CBM 214 Extra"]
[Source "ChessBase"]
[SourceDate "2023.07.31"]
[SourceVersion "1"]
[SourceVersionDate "2023.07.31"]
[SourceQuality "1"]

1. e4 e5 2. Nf3 Nc6 3. d4 exd4 4. Nxd4 Nf6 5. Nxc6 bxc6 6. e5 Qe7 7. Qe2 Nd5 8. h4 d6 9. c4 Nb6 10. exd6 Qxe2+ 11. Bxe2 Bxd6 12. Nc3 Be6 13. b3 0-0-0 14. Bb2 Be5 15. Rd1 Bf6 16. h5 c5 17. 0-0 Bd4 18. Bf3 Nd7 19. Nb5 Bxb2 20. Nxa7+ Kb8 21. Nc6+ Kc8 22. Na7+ 1/2-1/2

[Event "FRA-ch U12/16"]
[Site "Agen"]
[Date "2023.04.25"]
[Round "4"]
[White "Khoury, Theo"]
[Black "Bendahan, Isaac"]
[Result "1-0"]
[WhiteElo "2004"]
[BlackElo "1783"]
[PlyCount "85"]
[EventDate "2023.04.23"]
[EventType "swiss"]
[EventRounds "9"]
[EventCountry "FRA"]
[SourceTitle "CBM 214 Extra"]
[Source "ChessBase"]
[SourceDate "2023.07.31"]
[SourceVersion "1"]
[SourceVersionDate "2023.07.31"]
[SourceQuality "1"]

1. e4 c5 2. Nf3 e6 3. c3 d5 4. exd5 Qxd5 5. d4 Nf6 6. Na3 cxd4 7. Nb5 Qd8 8. Nbxd4 Nd5 9. Bd3 Bc5 10. 0-0 0-0 11. Bg5 Be7 12. Bd2 Nc6 13. Nxc6 bxc6 14. Ne5 Qc7 15. f4 Bd6 16. c4 Nf6 17. Bc3 c5 18. Rf3 Bb7 19. Rh3 Be4 20. Ng4 Nxg4 21. Bxe4 f5 22. Bxa8 Rxa8 23. Ba5 Qb8 24. Rb3 Qf8 25. g3 e5 26. Qd5+ Kh8 27. Rd1 Be7 28. h3 Nf6 29. Qxe5 Ne4 30. Rd7 Bf6 31. Qe6 Re8 32. Qf7 Bd4+ 33. Kf1 Qxf7 34. Rxf7 Nd6 35. Rxa7 Nxc4 36. Bc3 Ne3+ 37. Kg1 Nd1+ 38. Bxd4 cxd4 39. Rd3 Re1+ 40. Kg2 h6 41. Rxd4 Nxb2 42. Rd8+ Kh7 43. Rdd7 1-0

[Event "BCF-ch rapidplay 34th"]
[Site "Bingley"]
[Date "2023.04.16"]
[Round "7"]
[White "Khoury, Theo"]
[Black "Hutchinson, Paul A"]
[Result "1-0"]
[WhiteElo "2020"]
[BlackElo "2005"]
[PlyCount "119"]
[EventDate "2023.04.15"]
[EventType "swiss (rapid)"]
[EventRounds "11"]
[EventCountry "ENG"]
[SourceTitle "CBM 213 Extra"]
[Source "ChessBase"]
[SourceDate "2023.05.31"]
[SourceVersion "1"]
[SourceVersionDate "2023.05.31"]
[SourceQuality "1"]

1. e4 d5 2. exd5 Qxd5 3. Nc3 Qa5 4. d4 Nf6 5. Nf3 c6 6. Bc4 Nbd7 7. 0-0 e6 8. Bd2 Qc7 9. Re1 Be7 10. Qe2 b5 11. Bb3 a5 12. a4 b4 13. Ne4 Nxe4 14. Qxe4 Nf6 15. Qe5 Qxe5 16. Nxe5 Bb7 17. c4 0-0 18. Bd1 Rfd8 19. Bf3 Rac8 20. Be3 Nd7 21. Nd3 Bf6 22. Rad1 Nb6 23. Nc5 Ba8 24. b3 Nd7 25. Ne4 Be7 26. Bf4 h6 27. Bd6 Bf6 28. Nxf6+ Nxf6 29. Be7 Rd7 30. Bc5 Rb8 31. g4 Ne8 32. h4 Nc7 33. Ba7 Rc8 34. Bb6 Na6 35. c5 Nc7 36. Bxa5 Rb8 37. Bxc7 Rxc7 38. a5 Rd7 39. a6 Rbd8 40. Kg2 Rxd4 41. Rxd4 Rxd4 42. Rd1 Rxd1 43. Bxd1 Kf8 44. Kf3 Ke7 45. Ke4 h5 46. g5 g6 47. Ke5 Kd7 48. Kf6 Ke8 49. f4 Kf8 50. Be2 Ke8 51. Bf1 Kf8 52. Bc4 Ke8 53. Bxe6 fxe6 54. Kxe6 Kd8 55. Kf6 Kd7 56. Kxg6 Ke6 57. f5+ Kd5 58. f6 Kxc5 59. f7 Kb6 60. f8Q 1-0

[Event "BCF-ch rapidplay 34th"]
[Site "Bingley"]
[Date "2023.04.16"]
[Round "8"]
[White "Quilter, Thomas A"]
[Black "Khoury, Theo"]
[Result "0-1"]
[WhiteElo "2162"]
[BlackElo "2020"]
[PlyCount "62"]
[EventDate "2023.04.15"]
[EventType "swiss (rapid)"]
[EventRounds "11"]
[EventCountry "ENG"]
[SourceTitle "CBM 213 Extra"]
[Source "ChessBase"]
[SourceDate "2023.05.31"]
[SourceVersion "1"]
[SourceVersionDate "2023.05.31"]
[SourceQuality "1"]

1. e4 c5 2. Nf3 d6 3. c3 Nf6 4. Bd3 Nc6 5. Bc2 e5 6. h3 g6 7. d4 cxd4 8. cxd4 exd4 9. Nxd4 Bg7 10. Be3 0-0 11. Nc3 d5 12. Nxc6 bxc6 13. 0-0 Be6 14. e5 Nd7 15. f4 f6 16. exf6 Qxf6 17. Ne2 c5 18. f5 gxf5 19. Nf4 d4 20. Nh5 Qf7 21. Nxg7 Qxg7 22. Bf4 Bd5 23. Qd2 Rf6 24. Rae1 Rg6 25. Rf2 Rf8 26. b3 Kh8 27. Kh2 Rg8 28. g3 Rxg3 29. Re8 Rxh3+ 30. Kxh3 Qg4+ 31. Kh2 Qh4# 0-1

[Event "Daventry 4NCL Easter op-A 3rd"]
[Site "Daventry"]
[Date "2023.04.09"]
[Round "4"]
[White "Arkell, Keith C"]
[Black "Khoury, Theo"]
[Result "1-0"]
[WhiteElo "2392"]
[BlackElo "2020"]
[PlyCount "113"]
[EventDate "2023.04.07"]
[EventType "swiss"]
[EventRounds "7"]
[EventCountry "ENG"]
[SourceTitle "CBM 213 Extra"]
[Source "ChessBase"]
[SourceDate "2023.05.31"]
[SourceVersion "1"]
[SourceVersionDate "2023.05.31"]
[SourceQuality "1"]

1. c4 e5 2. Nc3 Nf6 3. g3 Bb4 4. Bg2 0-0 5. d3 Bxc3+ 6. bxc3 c6 7. Nf3 Re8 8. Nd2 d5 9. cxd5 cxd5 10. 0-0 Be6 11. c4 Nc6 12. cxd5 Bxd5 13. Bxd5 Qxd5 14. Bb2 Rad8 15. Qb3 Qd7 16. Ne4 Nxe4 17. dxe4 Re6 18. Rad1 Rd6 19. Rxd6 Qxd6 20. Rc1 Qd7 21. Kg2 h6 22. Rc5 Qd1 23. Qxb7 Qxe2 24. Qxc6 Qxb2 25. Qc7 Re8 26. Qd7 Rf8 27. Qd5 Qe2 28. Ra5 Kh8 29. Rxa7 f5 30. Ra8 Rxa8 31. Qxa8+ Kh7 32. exf5 e4 33. Qa3 e3 34. Qxe3 Qxa2 35. Qe4 Kh8 36. Qe8+ Kh7 37. Qg6+ Kh8 38. f6 Qd5+ 39. f3 Qa2+ 40. Kh3 Qe6+ 41. Kh4 gxf6 42. Qxh6+ Kg8 43. Qg6+ Kf8 44. f4 Ke7 45. Qg7+ Kd6 46. Kh5 Qh3+ 47. Kg6 Qxh2 48. Qxf6+ Kc7 49. Qe5+ Kb6 50. f5 Qh3 51. Qd6+ Kb7 52. f6 Qg4+ 53. Kh6 Qh3+ 54. Kg7 Qg4+ 55. Kf8 Qc8+ 56. Ke7 Qg8 57. Qd7+ 1-0

[Event "BCF-chT3W 2223 (4NCL)"]
[Site "England"]
[Date "2023.01.14"]
[Round "3.31"]
[White "Khoury, Theo"]
[Black "Pozimski, Szymon"]
[Result "1/2-1/2"]
[WhiteElo "2064"]
[BlackElo "1972"]
[PlyCount "207"]
[EventDate "2022.10.22"]
[EventType "team-tourn"]
[EventRounds "11"]
[EventCountry "ENG"]
[SourceTitle "EXT 2024"]
[Source "ChessBase"]
[SourceDate "2023.10.10"]
[SourceVersion "1"]
[SourceVersionDate "2023.10.10"]
[SourceQuality "1"]
[WhiteTeam "West is Best II"]
[BlackTeam "Oxford II"]
[WhiteTeamCountry "WLS"]
[BlackTeamCountry "ENG"]

1. e4 d5 2. exd5 Qxd5 3. Nc3 Qd8 4. d4 Nf6 5. Nf3 Bg4 6. h3 Bxf3 7. Qxf3 c6 8. g4 e6 9. g5 Nd5 10. Ne4 Nb4 11. Qe2 Qxd4 12. c3 Qd5 13. a3 N4a6 14. Bg2 Qb3 15. Bf4 Nd7 16. Nd6+ Bxd6 17. Bxd6 Nac5 18. Rd1 0-0-0 19. 0-0 e5 20. Qe3 Qb6 21. b4 Ne6 22. Qg3 h6 23. gxh6 Rxh6 24. Bxe5 Rg6 25. Qh2 Nxe5 26. Qxe5 Rg5 27. Qe3 Rxd1 28. Rxd1 Qxe3 29. fxe3 Re5 30. Kf2 Ng5 31. c4 Kc7 32. h4 Ne4+ 33. Kf3 Nd6 34. c5 Nf5 35. Kf4 f6 36. Bh3 Ne7 37. e4 Ng6+ 38. Ke3 Re7 39. h5 Ne5 40. Kf4 Nc4 41. Rd3 b6 42. cxb6+ axb6 43. Bf5 b5 44. Rg3 Kb6 45. Rd3 Ra7 46. Rd7 Rxd7 47. Bxd7 Kc7 48. Be8 Nd6 49. Bg6 Kd7 50. e5 fxe5+ 51. Kxe5 Nc4+ 52. Kd4 Nb6 53. Bf5+ Kd6 54. Bc2 Nd5 55. Be4 Nf4 56. Bf3 Ne6+ 57. Kc3 c5 58. bxc5+ Kxc5 59. Be2 Nd4 60. Bd1 Nf5 61. Bc2 Ne3 62. Bd3 Nd5+ 63. Kb2 b4 64. axb4+ Nxb4 65. Kc3 Nd5+ 66. Kd2 Kd4 67. Bg6 Ke5 68. Bf7 Ne7 69. Ke3 Kf5 70. h6 gxh6 71. Kf3 Kg5 72. Kg3 Nf5+ 73. Kh3 Nd6 74. Be6 h5 75. Bd7 Nc4 76. Be8 h4 77. Bd7 Nb6 78. Be6 Na4 79. Bc8 Nc3 80. Bd7 Nd5 81. Bc8 Nf4+ 82. Kh2 Kf6 83. Bg4 Ke5 84. Bc8 Ke4 85. Bd7 Ke5 86. Bc8 Ke4 87. Bd7 Ke5 88. Bc8 Kf6 89. Bg4 Kg5 90. Bc8 Ne2 91. Bd7 Nd4 92. Bc8 Nf3+ 93. Kg2 Kf4 94. Bd7 Ne5 95. Bc8 Nd3 96. Bd7 Nc5 97. Bc8 Kg5 98. Kh2 Kf4 99. Kg2 Nd3 100. Bd7 Kg5 101. Bc8 Ne5 102. Be6 Nd3 103. Bd7 Ne5 104. Be6 1/2-1/2

[Event "Wch U12"]
[Site "Batumi"]
[Date "2022.09.26"]
[Round "10"]
[White "Khoury, Theo"]
[Black "Villa Tornero, Alex"]
[Result "0-1"]
[WhiteElo "1813"]
[BlackElo "2114"]
[PlyCount "118"]
[EventDate "2022.09.16"]
[EventType "swiss"]
[EventRounds "11"]
[EventCountry "GEO"]
[SourceTitle "EXT 2023"]
[Source "ChessBase"]
[SourceDate "2022.10.05"]
[SourceVersion "1"]
[SourceVersionDate "2022.10.05"]
[SourceQuality "1"]

1. e4 Nf6 2. e5 Nd5 3. d4 d6 4. Nf3 g6 5. Bc4 Nb6 6. Bb3 Bg7 7. Ng5 e6 8. Qf3 Qe7 9. Ne4 dxe5 10. Bg5 Qb4+ 11. Nbd2 N8d7 12. Nf6+ Nxf6 13. Bxf6 0-0 14. dxe5 Bd7 15. 0-0-0 Bc6 16. Qg3 Bxf6 17. exf6 Nd7 18. c3 Qc5 19. Ne4 Qh5 20. f4 Rad8 21. Bc2 Bxe4 22. Bxe4 Nxf6 23. Bxb7 Qa5 24. a3 Qb6 25. Bf3 Rb8 26. Rd2 Qb3 27. Bd1 Qa2 28. Qd3 Nd5 29. Qb1 Qxb1+ 30. Kxb1 Nxc3+ 31. Kc2 Nd5 32. g3 Rb6 33. Bf3 Rfb8 34. b4 c6 35. Re1 a5 36. Bxd5 cxd5 37. bxa5 Rc6+ 38. Kd1 Ra6 39. Re3 Rxa5 40. Rc3 Kf8 41. Ke2 Rb1 42. Kf3 Ra1 43. Rdd3 Ra2 44. h4 h5 45. Rb3 Ra4 46. Rdc3 Kg7 47. Rd3 Kg8 48. Rdc3 Kh7 49. Rd3 Kh6 50. Rdc3 Kg7 51. Rd3 Kf6 52. Rdc3 Kf5 53. Re3 f6 54. Red3 Ra5 55. Rdc3 d4 56. Rd3 e5 57. fxe5 fxe5 58. g4+ hxg4+ 59. Kg3 Ra4 0-1

[Event "Wch U12"]
[Site "Batumi"]
[Date "2022.09.20"]
[Round "5"]
[White "Sidorenja, Radion"]
[Black "Khoury, Theo"]
[Result "1-0"]
[WhiteElo "1530"]
[BlackElo "1813"]
[PlyCount "69"]
[EventDate "2022.09.16"]
[EventType "swiss"]
[EventRounds "11"]
[EventCountry "GEO"]
[SourceTitle "EXT 2023"]
[Source "ChessBase"]
[SourceDate "2022.10.05"]
[SourceVersion "1"]
[SourceVersionDate "2022.10.05"]
[SourceQuality "1"]

1. d4 d5 2. Bf4 Nf6 3. c3 e6 4. e3 c5 5. Nd2 Nc6 6. Ngf3 cxd4 7. exd4 Nh5 8. Bg5 Be7 9. Bxe7 Qxe7 10. Ne5 Nf6 11. f4 0-0 12. Bd3 Bd7 13. 0-0 g6 14. Qf3 Ne8 15. Rae1 Nd6 16. g4 f6 17. Nxd7 Qxd7 18. Nb3 b6 19. f5 gxf5 20. gxf5 Nxf5 21. Bxf5 exf5 22. Qxf5 Qg7+ 23. Kh1 Kh8 24. Qxd5 Ne7 25. Qb7 Rae8 26. d5 Ng6 27. Qxg7+ Kxg7 28. Rd1 Re2 29. Nd4 Rxb2 30. Ne6+ Kf7 31. Nxf8 Nxf8 32. d6 Nd7 33. Rfe1 Kg6 34. Re7 Ne5 35. Rxe5 1-0

[Event "Wch U12"]
[Site "Batumi"]
[Date "2022.09.18"]
[Round "3"]
[White "Uskov, Artem"]
[Black "Khoury, Theo"]
[Result "1-0"]
[WhiteElo "2377"]
[BlackElo "1813"]
[PlyCount "67"]
[EventDate "2022.09.16"]
[EventType "swiss"]
[EventRounds "11"]
[EventCountry "GEO"]
[SourceTitle "EXT 2023"]
[Source "ChessBase"]
[SourceDate "2022.10.05"]
[SourceVersion "1"]
[SourceVersionDate "2022.10.05"]
[SourceQuality "1"]

1. e4 c5 2. Nf3 d6 3. d4 cxd4 4. Nxd4 Nf6 5. Nc3 a6 6. f4 e5 7. Nf3 Nbd7 8. a4 Be7 9. Bc4 0-0 10. 0-0 Qc7 11. Qe2 exf4 12. Bxf4 Ne5 13. Bb3 Bg4 14. Kh1 h5 15. Qf2 Nc4 16. Bg5 Be6 17. Qe2 Rac8 18. Nd4 Bg4 19. Qf2 Qc5 20. Be3 Nxe3 21. Qxe3 Be6 22. Qd2 Bxb3 23. cxb3 d5 24. exd5 Rfd8 25. Nf5 Bf8 26. Qg5 Ng4 27. h3 Nf2+ 28. Kh2 g6 29. Qg3 Ng4+ 30. hxg4 gxf5 31. gxf5+ Kh8 32. Kh1 Qb6 33. f6 Qxb3 34. Rf5 1-0

[Event "Newcastle Northumbria Masters"]
[Site "Newcastle on Tyne"]
[Date "2022.08.26"]
[Round "1"]
[White "Bremner, Adam"]
[Black "Khoury, Theo"]
[Result "1-0"]
[WhiteElo "2171"]
[BlackElo "1821"]
[PlyCount "99"]
[EventDate "2022.08.26"]
[EventType "swiss"]
[EventRounds "9"]
[EventCountry "ENG"]
[SourceTitle "CBM 210 Extra"]
[Source "ChessBase"]
[SourceDate "2022.11.30"]
[SourceVersion "1"]
[SourceVersionDate "2022.11.30"]
[SourceQuality "1"]

1. e4 c5 2. Nf3 d6 3. Bb5+ Nd7 4. c4 Ngf6 5. Nc3 g6 6. h3 Bg7 7. d3 a6 8. Ba4 0-0 9. Be3 e5 10. Qd2 Rb8 11. Rb1 Qa5 12. a3 Qc7 13. 0-0 b6 14. Bg5 Bb7 15. b4 Nh5 16. Nd5 Bxd5 17. exd5 f5 18. Bh6 Ndf6 19. Bxg7 Nxg7 20. Rfe1 Rf7 21. Bc6 Re7 22. Qb2 cxb4 23. axb4 Ngh5 24. Qa3 Rf8 25. Qxa6 e4 26. Nd4 Nf4 27. dxe4 fxe4 28. Re3 Nd3 29. f3 Nf4 30. Rf1 Qd8 31. Kh2 Re5 32. g3 N6h5 33. fxe4 Nxh3 34. Rxf8+ Qxf8 35. Rf3 N5f4 36. gxf4 Nxf4 37. Qa8 Qxa8 38. Bxa8 Rxe4 39. Ne6 g5 40. Nxf4 gxf4 41. Rc3 Re2+ 42. Kh3 h5 43. Kh4 Re3 44. Rc1 Re5 45. Bc6 f3 46. Kg3 Rf5 47. Rf1 f2 48. Rxf2 h4+ 49. Kg2 h3+ 50. Kg3 1-0